| 000 | 00906pam a2200265 a 4500 | ||
|---|---|---|---|
| 999 |
_c4498 _d4498 |
||
| 001 | 2541998 | ||
| 003 | OSt | ||
| 005 | 20220916154320.0 | ||
| 008 | 940915s1995 stka b 001 0 eng c | ||
| 010 | _a 94024321 | ||
| 020 | _a9780443074349 | ||
| 040 |
_aDNLM/DLC _cDLC _dDLC |
||
| 082 | 0 | 0 |
_aQZ 4 _bD543c 2007 |
| 100 |
_aEdited by Christopher D.M. Fletcher. _916340 |
||
| 245 | 0 | 0 | _aDiagnostic Histopathology of Tumors |
| 250 | _a3rd.ed | ||
| 260 |
_aEdinburgh ; _bChurchill Livingstone, _c2007. |
||
| 300 |
_a2 v. (xi, 1358, 35 p.) : _bcol.ill ; _c29 cm. |
||
| 504 | _aIncludes bibliographical references and index. | ||
| 650 | 0 |
_aHistopathology. _99660 |
|
| 650 | 0 |
_aTumors _916341 |
|
| 906 |
_a7 _bcbc _corignew _d1 _eocip _f19 _gy-gencatlg |
||
| 942 |
_2z _cO_SHELF |
||